[Event "Jogo Novo"]
[Site "http://www.queenalice.com/game.php?id=853398"]
[Date "2010.11.1"]
[Round "-"]
[White "student"]
[Black "welf"]
[Result "1-0"]
[WhiteElo "1866"]
[BlackElo "1329"]

1. e4 g6 2. d4 e6 3. Nf3 d6 4. Bd3 e5 5. dxe5 dxe5 6. Nxe5 Bg7 7. Nf3 Bg4 8. O-O
Bxf3 9. Qxf3 Nc6 10. Rd1 Ne5 11. Bb5+ Nd7 12. Rxd7 Qf6 13. Rd6+ c6 14. Rxf6 Bxf6
15. Bc4 b5 16. Bb3 Ke7 17. e5 g5 18. exf6+ Nxf6 19. Bxg5 Kd7 20. Bxf6 Rhe8 21.
Na3 Re6 22. Bxe6+ Kxe6 23. Qxc6+ Kf5 24. g4+ Kf4 25. Qxa8 b4 26. Qb8+ Kxg4 27.
Nc4 Kf5 28. Qe5+ Kg4 29. h3+ Kf3 30. Qe3# 1-0

[Event "Challenge"]
[Site "http://www.queenalice.com/game.php?id=857167"]
[Date "2010.11.10"]
[Round "-"]
[White "welf"]
[Black "JeanRezende"]
[Result "1-0"]
[WhiteElo "1536"]
[BlackElo "1368"]

1. e4 e5 2. Qf3 d6 3. Bc4 Be6 4. b3 Nc6 5. Bb2 Nb4 6. Kd1 Bxc4 7. bxc4 Qd7 8. a3
Nc6 9. Nh3 Nd4 10. Qg3 Qa4 11. Qd3 Nf6 12. Nc3 Qc6 13. a4 g6 14. Re1 Bg7 15. Re3
Ng4 16. Rg3 Nxh2 17. Nd5 O-O 18. Ne7+ Kh8 19. Nxc6 bxc6 20. c3 Nb3 21. Ra3 Rab8
22. Qe3 Nf1 23. Qxa7 Nxg3 24. fxg3 Bh6 25. Bc1 1-0

[Event "Challenge"]
[Site "http://www.queenalice.com/game.php?id=857598"]
[Date "2010.11.11"]
[Round "-"]
[White "welf"]
[Black "tiagotrevo"]
[Result "0-1"]
[WhiteElo "1357"]
[BlackElo "1317"]

1. f4 e6 2. c4 Bc5 3. e3 Nf6 4. Nc3 c6 5. d3 Bb4 6. Nf3 Bxc3+ 7. bxc3 Qa5 8. Bd2
d5 9. cxd5 cxd5 10. c4 Qb6 11. Rb1 Qc5 12. Qa4+ Bd7 13. Ne5 Bxa4 0-1

[Event "Challenge"]
[Site "http://www.queenalice.com/game.php?id=857641"]
[Date "2010.11.11"]
[Round "-"]
[White "tiagotrevo"]
[Black "welf"]
[Result "1-0"]
[WhiteElo "1352"]
[BlackElo "1345"]

1. e4 e5 2. Nf3 d6 3. h3 c6 4. a4 h6 5. b4 g5 6. b5 c5 7. d4 g4 8. Nfd2 h5 9.
hxg4 Bxg4 10. f3 Bd7 11. dxe5 dxe5 12. Bc4 Be6 13. g4 h4 14. Ra3 Bxc4 15. Nxc4
Qxd1+ 16. Kxd1 Be7 17. Nxe5 Bf6 18. Bf4 Nd7 19. Nxd7 Kxd7 20. Rd3+ Ke7 21. e5
Bg7 22. Re1 Rd8 23. Bg5+ f6 24. exf6+ Kf7 25. fxg7 Ne7 26. gxh8=Q Rxh8 27. Bxe7
h3 28. Re5 Kg6 29. Nd2 h2 30. Re1 h1=Q 31. Rxh1 Rxh1+ 32. Ke2 c4 33. Rd6+ Kf7
34. Bf6 Rh2+ 35. Ke3 c3 36. Nb3 Rxc2 37. g5 Rb2 38. g6+ Kg8 39. Bxc3 Rxb3 40.
Rd8# 1-0

[Event "Mais um jogo"]
[Site "http://www.queenalice.com/game.php?id=859361"]
[Date "2010.11.15"]
[Round "-"]
[White "student"]
[Black "welf"]
[Result "0-1"]
[WhiteElo "1807"]
[BlackElo "1402"]

1. e4 e5 2. Nf3 c5 3. c3 d6 4. d4 Bg4 5. Be2 Bxf3 6. Bxf3 Be7 7. d5 Bf6 8. Nd2
b5 9. a3 Ne7 10. c4 a6 11. O-O Ng6 12. b4 Nd7 13. Bb2 Bg5 14. Bc3 Bh6 15. cxb5
axb5 16. bxc5 Nxc5 17. Bb4 Nd3 18. Qe2 Ndf4 19. Qxb5+ Kf8 20. Nc4 Kg8 21. Nxd6
Rb8 22. Qa6 Qd7 23. Rac1 Ne7 24. Nc4 Nd3 25. Rb1 Ng6 26. Rfd1 Ngf4 27. g3 Qh3
28. Qd6 Rc8 29. Nxe5 Nxf2 30. Rdc1 Ne2+ 31. Kxf2 Qxh2+ 32. Bg2 Nxc1 33. Qd7 Rc2+
34. Kf3 Qxg2+ 35. Kg4 Qe2+ 36. Kh3 Qh5# 0-1

[Event "Challenge"]
[Site "http://www.queenalice.com/game.php?id=859913"]
[Date "2010.11.17"]
[Round "-"]
[White "welf"]
[Black "joaobatista"]
[Result "0-1"]
[WhiteElo "1439"]
[BlackElo "1660"]

1. f4 d5 2. d4 e6 3. e3 a6 4. a3 Nf6 5. Nh3 h6 6. Qd3 b6 7. b4 Be7 8. Be2 Ne4 9.
g3 Bd7 10. a4 Bxb4+ 11. c3 Be7 12. c4 Bb4+ 13. Bd2 Bxd2+ 14. Nxd2 f5 15. Bh5+
Kf8 16. Qe2 c5 17. g4 Qh4+ 18. Nf2 Qf6 19. Rg1 g6 20. g5 Qf7 21. Bf3 h5 22. dxc5
bxc5 23. cxd5 exd5 24. Nb1 Nc6 25. Na3 Qg7 26. Rd1 Qc3+ 27. Kf1 Qxa3 28. Rxd5
Ra7 29. Rd6 Nxd6 30. Qd3 Qxd3+ 31. Nxd3 c4 32. Ne5 Nxe5 33. fxe5 Ne4 34. Ke2
Bxa4 35. Rb1 Nc3+ 0-1

[Event "Vou te pegar denovo"]
[Site "http://www.queenalice.com/game.php?id=859944"]
[Date "2010.11.17"]
[Round "-"]
[White "welf"]
[Black "tiagotrevo"]
[Result "1-0"]
[WhiteElo "1474"]
[BlackElo "1336"]

1. f4 e6 2. c4 Bc5 3. e3 d5 4. Ne2 dxc4 5. b3 b5 6. Bb2 f6 7. g3 Bb7 8. Rg1 Be4
9. Nbc3 f5 10. Nxb5 c6 11. Bxg7 cxb5 12. Bxh8 Bd3 13. Nc1 Nc6 14. Bg2 Rc8 15.
Bxc6+ Rxc6 16. g4 Nh6 17. gxf5 Qh4+ 18. Rg3 c3 19. Nxd3 cxd2+ 20. Kxd2 Qxh2+ 21.
Ke1 Qxg3+ 22. Kd2 Bxe3+ 23. Ke2 Nxf5 24. Rc1 Rxc1 25. Nxc1 Qf2+ 26. Kd3 Qxf4 27.
Qh5+ Kd8 28. Bf6+ Kd7 29. Qf7+ Kc6 30. Qxe6+ Qd6+ 31. Qxd6+ Kxd6 32. Ne2 Ke6 33.
Bd8 h5 34. Ke4 h4 35. Bc7 Kf6 36. Be5+ Kg5 37. Nc3 b4 38. Nd5 a5 39. Nxe3 Ng3+
40. Kf3 Kh5 41. Bxg3 hxg3 42. Kxg3 Kg5 43. Nc4 Kf6 44. Nxa5 Ke6 45. Nc6 Kd5 46.
Nxb4+ Kc5 47. Nd3+ Kd4 48. Nb4 Kc5 49. a3 Kb5 50. Nc2 Kc5 51. Kf3 Kb5 52. Ke3
Kc5 53. Kd3 Kb5 54. Nd4+ Kc5 55. b4+ Kb6 56. Kc4 1-0

[Event "Challenge"]
[Site "http://www.queenalice.com/game.php?id=866987"]
[Date "2010.12.3"]
[Round "-"]
[White "Einstein"]
[Black "welf"]
[Result "1-0"]
[WhiteElo "1853"]
[BlackElo "1432"]

1. d4 e6 2. e4 d5 3. e5 c6 4. Nf3 Qa5+ 5. Bd2 Qd8 6. Be2 h6 7. O-O f5 8. exf6
gxf6 9. c4 Qd7 10. Nc3 Bb4 11. a3 Ba5 12. cxd5 cxd5 13. Bb5 Nc6 14. Qa4 Bc7 15.
Rfe1 Qd6 16. g3 Qd7 17. Rac1 Qg7 18. Bxc6+ Kd8 19. Nxd5 bxc6 20. Qxc6 exd5 21.
Qxa8 Ne7 22. Qxa7 Qg4 23. Qxc7+ Ke8 24. Qxe7# 1-0

[Event "Challenge"]
[Site "http://www.queenalice.com/game.php?id=866988"]
[Date "2010.12.3"]
[Round "-"]
[White "welf"]
[Black "Einstein"]
[Result "0-1"]
[WhiteElo "1432"]
[BlackElo "1853"]

1. e3 e5 2. Qf3 c6 3. Bc4 d5 4. Bb3 Bd6 5. g4 Nf6 6. Nh3 e4 7. Qe2 Nxg4 8. Ba4
Nxh2 9. Ng1 Bg4 10. f3 Bg3+ 11. Kd1 Nxf3 12. Qg2 Nh4+ 13. Qe2 Bxe2+ 14. Nxe2 Bf2
15. Rh2 Qf6 16. Nf4 Bg3 17. Rh1 Ng2 18. Ne2 Qf3 19. c3 Nxe3+ 20. dxe3 Qxh1+ 21.
Kc2 b5 22. Bb3 a5 23. Nxg3 Qe1 24. Nf5 Qf1 25. Nd6+ Kd7 26. Nb7 Qd3# 0-1

[Event "One more time"]
[Site "http://www.queenalice.com/game.php?id=871091"]
[Date "2010.12.12"]
[Round "-"]
[White "welf"]
[Black "student"]
[Result "0-1"]
[WhiteElo "1432"]
[BlackElo "1806"]

1. e4 e5 2. d4 exd4 3. Qxd4 Nc6 4. Qd1 d6 5. Bb5 Bd7 6. c3 a6 7. Bc4 Nf6 8. f3
Ne5 9. Be2 Be7 10. Qb3 Rb8 11. Be3 Nc6 12. Bd1 O-O 13. c4 Be6 14. Ne2 Na5 15.
Qc3 Nxc4 16. Bd4 c5 17. Bxf6 Bxf6 18. Qc1 Bxb2 19. Qg5 Qxg5 0-1

[Event "Jacob"]
[Site "http://www.queenalice.com/game.php?id=884447"]
[Date "2011.1.11"]
[Round "-"]
[White "joaobatista"]
[Black "welf"]
[Result "0-1"]
[WhiteElo "1647"]
[BlackElo "1474"]

1. a3 e6 2. b3 c5 3. e4 d6 4. Bb5+ Bd7 5. Bf1 Nc6 6. c3 Qh4 7. Qe2 Nf6 8. Nf3
Qh6 9. h3 e5 10. g3 Be6 11. d4 Qxc1+ 12. Qd1 Qh6 13. d5 Bd7 14. dxc6 Bxc6 15.
Nbd2 g5 16. Bg2 Qg6 17. Qe2 Bg7 18. g4 O-O 19. O-O h5 20. Rfd1 hxg4 21. hxg4
Nxg4 22. c4 f6 23. b4 f5 24. b5 Bxe4 25. Nh2 Nxh2 26. Kxh2 Qh6+ 27. Kg1 Bxg2 28.
Kxg2 g4 29. Rh1 Qg6 30. Qd3 e4 31. Qd5+ Rf7 32. Rag1 Bd4 33. Nb3 Re8 34. Nxd4
Re5 35. Rh6 Qxh6 36. Qxe5 dxe5 37. Rh1 Qf4 38. Ne6 Qd2 39. Nxc5 g3 40. Kxg3 Rg7+
41. Kh3 Qh6# 0-1

[Event "Jacob"]
[Site "http://www.queenalice.com/game.php?id=884448"]
[Date "2011.1.11"]
[Round "-"]
[White "joaobatista"]
[Black "welf"]
[Result "1-0"]
[WhiteElo "1637"]
[BlackElo "1484"]

1. Nf3 e6 2. a3 c5 3. c3 f5 4. e3 Nf6 5. g3 d6 6. d3 Nc6 7. Nbd2 a5 8. d4 h5 9.
h4 Be7 10. Bg2 d5 11. b4 axb4 12. cxb4 cxb4 13. Ne5 Na5 14. Ng6 Rh6 15. Ne5 Nc6
16. a4 Ng4 17. Ndf3 Bd6 18. O-O b6 19. Nxc6 Qc7 20. Nce5 Nf6 21. Bb2 Ne4 22. Rc1
Qe7 23. Ra1 Ba6 24. Re1 g5 25. Nc6 Qg7 26. hxg5 Nxg5 27. Qd2 Nxf3+ 28. Bxf3 Bxg3
29. fxg3 Qxg3+ 30. Qg2 Qh4 31. Qg8+ Kd7 32. Ne5+ Kc7 33. Rac1+ Kd6 34. Rc6+ Ke7
35. Qg7+ Ke8 36. Qf7+ Kd8 37. Qd7# 1-0

[Event "Jacob"]
[Site "http://www.queenalice.com/game.php?id=899496"]
[Date "2011.2.12"]
[Round "-"]
[White "joaobatista"]
[Black "welf"]
[Result "0-1"]
[WhiteElo "1710"]
[BlackElo "1497"]

1. Nf3 d6 2. d4 g6 3. b3 Nf6 4. Bb2 Bf5 5. Nbd2 e6 6. h3 Ne4 7. d5 e5 8. g3 Nxd2
9. Qxd2 Bg7 10. Nh4 Bd7 11. Bg2 Bf6 12. e4 Bxh4 13. gxh4 Qxh4 14. O-O-O O-O 15.
Rde1 c5 16. Re3 f5 17. Rc3 fxe4 18. Rf1 Bb5 19. Re1 Rxf2 20. Rxe4 Rxd2 21. Rxh4
Rxg2 22. Ba3 Rg1+ 23. Kb2 Rd1 24. b4 c4 25. Rg4 Nd7 26. Rf3 Nb6 27. Rf6 Na4# 0-1

[Event "Challenge"]
[Site "http://www.queenalice.com/game.php?id=904828"]
[Date "2011.2.24"]
[Round "-"]
[White "joaobatista"]
[Black "welf"]
[Result "0-1"]
[WhiteElo "1640"]
[BlackElo "1545"]

1. g3 d5 2. d4 Nc6 3. e3 Be6 4. h3 Kd7 5. Nc3 Kc8 6. a3 Nf6 7. Na4 Ne4 8. Bg2 f5
9. Ne2 Qd6 10. b3 g5 11. O-O Bg7 12. Qe1 h5 13. Bb2 h4 14. f3 Nxg3 15. Nxg3 Qxg3
16. Nc5 Bf7 17. Qe2 e5 18. Rab1 exd4 19. exd4 Bxd4+ 20. Bxd4 Nxd4 21. Qd3 Qe5
22. Rfe1 Qf6 23. c3 Nc6 24. b4 a5 25. b5 Ne5 26. Qd4 Re8 27. b6 cxb6 28. Na4 Ra6
29. Nxb6+ Rxb6 30. Qxb6 Qxb6+ 31. Rxb6 Nxf3+ 32. Kf2 Nxe1 33. Bf1 g4 34. hxg4
fxg4 35. Rf6 g3+ 36. Kg1 Be6 37. Rf4 h3 38. Bb5 h2+ 39. Kh1 g2+ 40. Kxh2 Rh8+
41. Kg1 Rh1+ 42. Kf2 g1=Q+ 43. Ke2 Bg4+ 0-1

[Event "Kraj´s Challenge"]
[Site "http://www.queenalice.com/game.php?id=905336"]
[Date "2011.2.25"]
[Round "-"]
[White "Krajnicov"]
[Black "welf"]
[Result "0-1"]
[WhiteElo "1486"]
[BlackElo "1565"]

1. e4 b6 2. Qf3 f6 3. Bc4 e6 4. h4 Bb7 5. g4 Qe7 6. Qg3 Qd6 7. Qf3 Qe5 8. Na3
Bxe4 9. Qh3 Bxh1+ 10. Ne2 Bb7 11. d4 Qe4 12. Bf4 Bd6 13. Be3 Nc6 14. h5 Nb4 15.
Kd2 Bd5 16. Bb5 Bb7 17. c4 c5 18. f3 Qd3+ 19. Ke1 Nc2+ 20. Nxc2 Qxc2 21. Rc1
Qxb2 22. Nc3 g5 23. Kd1 Bc6 24. Rc2 Qb4 25. Ba6 Rb8 26. Rc1 Ne7 27. Kc2 cxd4 28.
Bxd4 Ba4+ 29. Kd3 Qb2 30. Rb1 Qc2+ 31. Ke3 Bf4# 0-1

[Event "Kraj´s Challenge"]
[Site "http://www.queenalice.com/game.php?id=905339"]
[Date "2011.2.25"]
[Round "-"]
[White "welf"]
[Black "Krajnicov"]
[Result "1-0"]
[WhiteElo "1578"]
[BlackElo "1478"]

1. e4 e5 2. Nf3 Qf6 3. Nc3 c6 4. d3 Bc5 5. Na4 Bd4 6. c3 Bb6 7. d4 exd4 8. cxd4
Ba5+ 9. Bd2 Bb6 10. e5 Qf5 11. Be3 h6 12. Bd3 Qg4 13. Rg1 Qe6 14. b3 g5 15. Bc4
Qe7 16. Rb1 Qb4+ 17. Bd2 Qe7 18. Qc2 d5 19. Be2 g4 20. Bb4 Qxb4+ 21. Qd2 Qa3 22.
Qc1 Ba5+ 23. Nd2 Qxa2 24. Qb2 Bxd2+ 25. Kxd2 Qxb2+ 26. Rxb2 Bf5 27. Rc1 f6 28.
Nc5 b6 29. Nb7 Nd7 30. exf6 Ndxf6 31. Nd6+ Kd7 32. Nxf5 Re8 33. Bd3 Nh5 34. Ra2
a5 35. b4 Nf4 36. Bf1 Nf6 37. f3 h5 38. b5 Rhg8 39. bxc6+ Kc7 40. h4 Ng6 41. Be2
g3 42. Ra3 Nf4 43. Bf1 Rgf8 44. Re3 Ra8 45. Re7+ Kd8 46. c7+ Kc8 47. Nd6# 1-0

[Event "Jacob"]
[Site "http://www.queenalice.com/game.php?id=915132"]
[Date "2011.3.20"]
[Round "-"]
[White "joaobatista"]
[Black "welf"]
[Result "0-1"]
[WhiteElo "1718"]
[BlackElo "1590"]

1. Nf3 d5 2. d4 Nf6 3. h3 e6 4. a3 Bd6 5. Bg5 h6 6. Bh4 Nc6 7. g4 O-O 8. g5 hxg5
9. Bxg5 e5 10. dxe5 Nxe5 11. Nxe5 Bxe5 12. c3 Qd6 13. e3 Ne4 14. f4 Nxg5 15.
fxe5 Qxe5 16. Qe2 Re8 17. Nd2 Qxe3 18. Qxe3 Rxe3+ 19. Kf2 Re8 20. Re1 Rxe1 21.
Kxe1 Bf5 22. b4 Be4 23. Nxe4 Nxe4 24. c4 Re8 25. Kd1 Nf2+ 26. Kd2 Nxh1 27. Bg2
Ng3 28. Bxd5 c6 29. Bf3 Nf1+ 30. Kc2 Re3 31. Bg4 Rxa3 32. Kb2 Rg3 33. c5 Ne3 34.
Bc8 b6 35. cxb6 Nc4+ 36. Kc2 Nxb6 37. Bb7 Nd5 38. b5 Nb4+ 39. Kd2 cxb5 40. Bc8
Rg2+ 41. Kc3 Nd5+ 42. Kd4 Rd2+ 43. Ke4 g6 44. Ba6 f5+ 45. Ke5 Nc3 46. Kf4 Rd3
47. h4 Rh3 48. Kg5 Kg7 49. Bb7 Ne2 50. h5 Rxh5# 0-1

[Event "Jacob"]
[Site "http://www.queenalice.com/game.php?id=931026"]
[Date "2011.4.27"]
[Round "-"]
[White "joaobatista"]
[Black "welf"]
[Result "0-1"]
[WhiteElo "1777"]
[BlackElo "1615"]

1. Nc3 d5 2. d4 e6 3. a3 Nc6 4. Nf3 Bd6 5. Nb5 Nf6 6. h3 O-O 7. b4 Bd7 8. e3 Be7
9. Bd3 a5 10. Bd2 axb4 11. axb4 Rxa1 12. Qxa1 Nxb4 13. Qb2 Nxd3+ 14. cxd3 c6 15.
Nc3 b5 16. O-O Be8 17. Ra1 h6 18. Ne5 Bd6 19. Ra6 b4 20. Ne2 Qc8 21. Ra7 Qb8 22.
Ra1 c5 23. f4 Bb5 24. Qc2 cxd4 25. exd4 Rc8 26. Qb3 Be8 27. Kh2 Bc6 28. Rc1 Bb7
29. Rxc8+ Bxc8 30. Ng3 Qb6 31. Be3 Nd7 32. Nf3 Qc7 33. Ne2 g5 34. g3 f6 35. fxg5
hxg5 36. Kg2 Ba6 37. g4 Bb5 38. h4 gxh4 39. Nxh4 Bc6 40. Ng6 Nf8 41. Nxf8 Bxf8
42. Bf4 Qg7 43. Kf3 Be7 44. Qc2 Bd7 45. Qc7 Ba4 46. Qc8+ Kf7 47. Qc7 Qg6 48. Ke3
Bb5 49. Nc1 Qxg4 50. Ne2 Qh3+ 51. Bg3 f5 52. Qb8 Bg5+ 53. Kf2 Bxd3 54. Qc7+ Be7
55. Qe5 Bf6 56. Qc7+ Be7 57. Ke3 Bxe2 58. Kxe2 Qg4+ 59. Kf1 Qd1+ 60. Kg2 Qxd4
61. Bd6 Qg4+ 62. Kf1 Qf3+ 63. Kg1 Qe3+ 64. Kg2 Qe2+ 65. Kg3 Qe3+ 66. Kg2 Qd2+
67. Kf1 Qd3+ 68. Kg1 Qd1+ 69. Kg2 Qe2+ 70. Kh3 Qf3+ 71. Kh2 Qf2+ 72. Kh3 Qe3+
73. Kh2 Qe2+ 74. Kg3 Qe1+ 75. Kg2 Qe4+ 76. Kh2 Qh4+ 77. Kg2 b3 78. Be5 d4 79.
Qd7 Qe4+ 80. Kf1 b2 81. Bxd4 b1=Q+ 82. Kf2 Qbe1# 0-1

[Event "Jacob"]
[Site "http://www.queenalice.com/game.php?id=960049"]
[Date "2011.7.13"]
[Round "-"]
[White "joaobatista"]
[Black "welf"]
[Result "0-1"]
[WhiteElo "1761"]
[BlackElo "1637"]

1. Nf3 c5 2. c3 Nf6 3. e3 d5 4. Bb5+ Bd7 5. Qb3 c4 6. Qa4 Nc6 7. Qc2 a6 8. Bxc6
Bxc6 9. d3 cxd3 10. Qxd3 e6 11. a4 Bd6 12. Nbd2 e5 13. O-O e4 14. Qd4 exf3 15.
Nxf3 O-O 16. Nh4 Re8 17. f3 Be5 18. Qd1 Ng4 19. g3 Nxh2 20. Rf2 Bxg3 21. Rg2
Qxh4 22. Qe2 d4 23. Rxh2 Bxh2+ 24. Qxh2 Qe1+ 25. Kg2 Qe2+ 26. Kh3 Qxf3+ 27. Qg3
Qf1+ 28. Kh4 Bd7 29. cxd4 Qh1+ 30. Kg5 Qh6# 0-1